Primary Health Care Management : (Record no. 195166)
[ view plain ]
| 000 -LEADER | |
|---|---|
| fixed length control field | 00690nam a22002297a 4500 |
| 003 - CONTROL NUMBER IDENTIFIER | |
| control field | dpl |
| 005 - DATE AND TIME OF LATEST TRANSACTION | |
| control field | 20230228134944.0 |
| 008 - FIXED-LENGTH DATA ELEMENTS--GENERAL INFORMATION | |
| fixed length control field | 230228b ||||| |||| 00| 0 eng d |
| 010 ## - LIBRARY OF CONGRESS CONTROL NUMBER | |
| LC control number | B-121584 |
| 020 ## - INTERNATIONAL STANDARD BOOK NUMBER | |
| International Standard Book Number | 8176292850 |
| Terms of availability | 825.00 |
| 035 ## - SYSTEM CONTROL NUMBER | |
| System control number | B-121584 |
| 040 ## - CATALOGING SOURCE | |
| Original cataloging agency | DPL |
| Language of cataloging | EN |
| Transcribing agency | 00 |
| 082 ## - DEWEY DECIMAL CLASSIFICATION NUMBER | |
| Edition number | GOY |
| Classification number | 362.1 |
| 100 ## - MAIN ENTRY--PERSONAL NAME | |
| Relator code | GOEL,S.L |
| 245 ## - TITLE STATEMENT | |
| Title | Primary Health Care Management : |
| Statement of responsibility, etc | by Dr. S.L. Goyal: Forworded by C.P. Thakur / |
| 260 ## - PUBLICATION, DISTRIBUTION, ETC. (IMPRINT) | |
| Place of publication, distribution, etc | New Delhi |
| Name of publisher, distributor, etc | Deep & Deep Publications |
| Date of publication, distribution, etc | 2004 |
| 270 ## - ADDRESS | |
| Address | F-159, Rajouri Garden |
| City | New Delhi |
| Postal code | 110064 |
| 300 ## - PHYSICAL DESCRIPTION | |
| Extent | xix, 289p. |
| Other physical details | 23cm.(Hb) |
| 500 ## - GENERAL NOTE | |
| General note | Included Index |
| 700 ## - ADDED ENTRY--PERSONAL NAME | |
| Relator code | Thakur, C.P. |
| 942 ## - ADDED ENTRY ELEMENTS (KOHA) | |
| Source of classification or shelving scheme | Dewey Decimal Classification |
| Koha item type | English Books |
| Classification part | 362.1 |
| Call number suffix | Goy |
| Withdrawn status | Lost status | Source of classification or shelving scheme | Damaged status | Not for loan | Home library | Current library | Date acquired | Source of acquisition | Cost, normal purchase price | Total Checkouts | Full call number | Barcode | Date last seen | Cost, replacement price | Price effective from | Koha item type |
|---|---|---|---|---|---|---|---|---|---|---|---|---|---|---|---|---|
| Dewey Decimal Classification | Bawana | Bawana | 28/02/2023 | BPPD/PUB | 825.00 | 362.1 Goy | B-121584 | 28/02/2023 | 825.00 | 28/02/2023 | English Books |
